21 Savage Discography - Statistics

General Stats
  • This quiz has been taken 330 times
    253 since last reset
  • The average score is 5 of 9
Answer Stats
Year Name Type % Correct
2016 Savage Mode Collaborative EP
98%
2018 I Am > I Was Album
85%
2020 Savage Mode II Collaborative Album
77%
2017 Issa Album Album
69%
2017 Without Warning Collaborative Album
65%
2015 The Slaughter Tape Mixtape
49%
2015 Slaughter King Mixtape
37%
2015 Free Guwop Collaborative EP
12%
2021 Spiral: From the Book of Saw Soundtrack EP
6%
No matching quizzes found
Score Distribution
Percent of People with Each Score
Percentile by Number Answered
Your Score History
You have not taken this quiz since the last reset